Устройства и агрегаты пневмоавтоматики стартовых комплексов.Конструкции и характеристики (Запись № 385941)

Подробности
000 -МАРКЕР
контрольное поле 01999nam0a2200349 4500
001 - ИДЕНТИФИКАТОР ЗАПИСИ
контрольное поле RU\NLR\bibl\71811
005 - ИДЕНТИФИКАТОР ВЕРСИИ
контрольное поле 20260405115325.0
010 ## - МЕЖДУНАРОДНЫЙ СТАНДАРТНЫЙ НОМЕР КНИГИ (ISBN)
Номер (ISBN) 5-86151-069-5
Тираж 100
021 ## - НОМЕР ГОСУДАРСТВЕННОЙ РЕГИСТРАЦИИ
Код страны Российская Федерация
Номер 1999-43946
Номер Листа государственной регистраци 2161
035 ## - ДРУГИЕ СИСТЕМНЫЕ НОМЕРА
Идентификатор записи (NLR Aleph) 000070067
100 ## - ДАННЫЕ ОБЩЕЙ ОБРАБОТКИ
Данные общей обработки 20000223d1999 |||y0rusy50 ca
101 0# - ЯЗЫК РЕСУРСА
Язык текста, звукозаписи и т.д. русский
102 ## - СТРАНА ПУБЛИКАЦИИ ИЛИ ПРОИЗВОДСТВА
Страна публикации Российская Федерация
105 ## - ПОЛЕ КОДИРОВАННЫХ ДАННЫХ: ТЕКСТОВЫЕ МАТЕРИАЛЫ, МОНОГРАФИЧЕСКИЕ
Кодированные данные о монографическом текстовом документе a |||||||||
200 1# - ЗАГЛАВИЕ И СВЕДЕНИЯ ОБ ОТВЕТСТВЕННОСТИ
Основное заглавие Устройства и агрегаты пневмоавтоматики стартовых комплексов.Конструкции и характеристики
Сведения, относящиеся к заглавию Учеб. пособие
-- [Для студентов спец. 121100 "Гидромашины, гидроприводы и гидропневмоавтоматика"]
Первые сведения об ответственности Ю.Л. Арзуманов, Е.М. Халатов, Р.А. Петров и др.
Последующие сведения об ответственности М-во общ. и проф. образования Рос. Федерации, Ковр. гос. технол. акад.
210 ## - ПУБЛИКАЦИЯ, РАСПРОСТРАНЕНИЕ И ДР.
Место издания, распространения и т.д. Ковров
Имя издателя, распространителя и т. д. КГТА
Дата издания, распространения и т.д. 1999
215 ## - ФИЗИЧЕСКАЯ ХАРАКТЕРИСТИКА
Специфическое обозначение материала и объем 103 с.
Другие сведения о физической характеристике ил.
Размеры 20
320 ## - ПРИМЕЧАНИЯ О НАЛИЧИИ В ДОКУМЕНТЕ БИБЛИОГРАФИИ / УКАЗАТЕЛЯ
Текст примечания Библиогр.: с. 102 (9 назв.)
606 0# - НАИМЕНОВАНИЕ ТЕМЫ КАК ПРЕДМЕТ
Наименование темы Стартовые комплексы
Формальный подзаголовок Руководства, пособия и т.п. для высшей школы
Тематический подзаголовок Пневмоавтоматика
Системный номер авторитетной/нормативной записи 2283914
Идентификатор авторитетной/нормативной записи RU\NLR\auth\661368216
606 0# - НАИМЕНОВАНИЕ ТЕМЫ КАК ПРЕДМЕТ
Наименование темы Стартовые комплексы
Формальный подзаголовок Учебные издания для высшей школы
Тематический подзаголовок Пневмоавтоматика
Системный номер авторитетной/нормативной записи 2283914
Идентификатор авторитетной/нормативной записи RU\NLR\auth\661368216
686 ## - ИНДЕКСЫ ДРУГИХ КЛАССИФИКАЦИЙ
Индекс О62-082.022.3-51-04я73-1
701 #1 - ИМЯ ЛИЦА - АЛЬТЕРНАТИВНАЯ ОТВЕТСТВЕННОСТЬ
Начальный элемент ввода Арзуманов
Часть имени, кроме начального элемента ввода Ю. Л.
Расширение инициалов личного имени Юрий Леонович
Код отношения Автор
701 #1 - ИМЯ ЛИЦА - АЛЬТЕРНАТИВНАЯ ОТВЕТСТВЕННОСТЬ
Начальный элемент ввода Халатов
Часть имени, кроме начального элемента ввода Е. М.
Расширение инициалов личного имени Евгений Михайлович
Код отношения Автор
701 #1 - ИМЯ ЛИЦА - АЛЬТЕРНАТИВНАЯ ОТВЕТСТВЕННОСТЬ
Код отношения Автор
Материалы, к которым относится поле rus
Графика поля Кириллица
Начальный элемент ввода Петров
Часть имени, кроме начального элемента ввода Р. А.
Дополнения к именам, кроме дат канд. техн. наук
Расширение инициалов личного имени Рудольф Алексеевич
Идентификатор авторитетной/нормативной записи RU\NLR\auth\7745713
Системный номер авторитетной/нормативной записи 28648
801 #0 - ИСТОЧНИК ЗАПИСИ
Страна Российская Федерация
Организация NLR
Дата составления 20000223
Правила каталогизации PSBO
801 #1 - ИСТОЧНИК ЗАПИСИ
Страна Российская Федерация
Организация NLR
Дата составления 20000223
830 ## - ОБЩЕЕ ПРИМЕЧАНИЕ, СОСТАВЛЕННОЕ КАТАЛОГИЗАТОРОМ
Текст примечания Авт. даны по кн.
852 ## - МЕСТОНАХОЖДЕНИЕ И ШИФР ХРАНЕНИЯ
Идентификатор организации NLR
Шифр хранения (Call Number) 99-3/19301
942 ## - ДОПОЛНИТЕЛЬНЫЕ ЭЛЕМЕНТЫ ЗАПИСИ (АБИС)
Тип экземпляра АБИС Книга
980 ## - КОЛЛЕКЦИЯ
Название коллекции Национальная библиография
Экземпляры
Тип экземпляра Дата поступления Источник поступления Библиотека постоянного хранения Библиотека текущего хранения Место хранения Шифр хранения Штрих-код Статус экземпляра
Книга 23.02.2000 Обязательный экземпляр РНБ (Московский) РНБ (Московский) Русский книжный фонд: издания с 1957 года 99-3/19301 1-304952  
Книга 23.02.2000 Обязательный экземпляр РНБ (Московский) РНБ (Московский) Русский книжный фонд: издания с 1957 года 99-3/19301 8085